Beyond speculative design : past, present, future
Saved in:
| Other Authors: | |
|---|---|
| Format: | Book |
| Language: | English |
| Published: |
Split :
SpeculativeEdu,
2021.
|
| Subjects: | |
| Tags: |
Add Tag
No Tags, Be the first to tag this record!
|
MARC
| LEADER | 00000nam a2200000 a 4500 | ||
|---|---|---|---|
| 001 | 1/126614 | ||
| 008 | 230518s2021####ci | ||| |||| ||eng|| | ||
| 020 | |a 97895366174562 | ||
| 040 | |a GR-MyUa |b gre |c GR-MyUa |e AACR2 | ||
| 041 | 0 | |a eng | |
| 082 | 7 | |a 745.4 |2 (23) | |
| 245 | 0 | 0 | |a Beyond speculative design : |b past, present, future / |c editors Ivica Mitrovic... [et.al.]. |
| 260 | |a Split : |b SpeculativeEdu, |c 2021. | ||
| 300 | |a 227 σ. : |b εικ. ; |c 21 εκ. | ||
| 650 | 0 | |a Design |x Philosophy. | |
| 700 | 1 | |a Mitrović, Ivica, |e edt | |
| 970 | |a Κοντού |b Παρασκευή |z 18/05/2023 | ||